|
|
|
|
| LEADER |
02169nam a2200565 i 4500 |
| 001 |
001910773 |
| 003 |
CZ BrMZK |
| 005 |
20250129093639.0 |
| 007 |
ta |
| 008 |
241007s2022 xo e 000 e slo |
| 020 |
|
|
|a 978-80-89662-48-7
|q (brožováno)
|
| 040 |
|
|
|a BOA001
|b cze
|e rda
|
| 043 |
|
|
|a e-xo---
|
| 045 |
|
|
|a x-y-
|
| 072 |
|
7 |
|a 32
|x Politika
|2 Konspekt
|9 15
|
| 080 |
|
|
|a 341.218.1
|2 MRF
|
| 080 |
|
|
|a 341.211
|2 MRF
|
| 080 |
|
|
|a 323
|2 MRF
|
| 080 |
|
|
|a 327
|2 MRF
|
| 080 |
|
|
|a 316.347
|2 MRF
|
| 080 |
|
|
|a 94(437.6)
|2 MRF
|
| 080 |
|
|
|a (437.6)
|2 MRF
|
| 080 |
|
|
|a (0:82-4)
|2 MRF
|
| 100 |
1 |
|
|a Weiss, Peter,
|d 1952-
|7 mzk2003200079
|4 aut
|
| 245 |
1 |
0 |
|a Máme republiku! :
|b eseje o slovenskej štátnosti /
|c Peter Weiss
|
| 264 |
|
1 |
|a [Bratislava] :
|b Dixit,
|c 2022
|
| 300 |
|
|
|a 191 stran ;
|c 17 cm
|
| 336 |
|
|
|a text
|b txt
|2 rdacontent
|
| 337 |
|
|
|a bez média
|b n
|2 rdamedia
|
| 338 |
|
|
|a svazek
|b nc
|2 rdacarrier
|
| 504 |
|
|
|a Obsahuje bibliografické odkazy
|
| 648 |
|
7 |
|a 20.-21. století
|7 ch462155
|2 czenas
|
| 650 |
0 |
7 |
|a vznik států
|z Slovensko
|y 20.-21. století
|7 ph1031296
|2 czenas
|
| 650 |
0 |
7 |
|a svrchovanost státu
|z Slovensko
|y 20.-21. století
|7 ph126312
|2 czenas
|
| 650 |
0 |
7 |
|a vnitřní politika
|z Slovensko
|y 20.-21. století
|7 ph135356
|2 czenas
|
| 650 |
0 |
7 |
|a zahraniční politika
|z Slovensko
|y 20.-21. století
|7 ph127522
|2 czenas
|
| 650 |
0 |
7 |
|a národní identita
|z Slovensko
|y 20.-21. století
|7 ph117245
|2 czenas
|
| 650 |
0 |
9 |
|a state-building
|z Slovakia
|y 20th-21st centuries
|2 eczenas
|
| 650 |
0 |
9 |
|a sovereignty
|z Slovakia
|y 20th-21st centuries
|2 eczenas
|
| 650 |
0 |
9 |
|a internal policy
|z Slovakia
|y 20th-21st centuries
|2 eczenas
|
| 650 |
0 |
9 |
|a foreign policy
|z Slovakia
|y 20th-21st centuries
|2 eczenas
|
| 650 |
0 |
9 |
|a national identity
|z Slovakia
|y 20th-21st centuries
|2 eczenas
|
| 651 |
|
7 |
|a Slovensko
|7 ge128580
|x dějiny
|y 20.-21. století
|2 czenas
|
| 651 |
|
9 |
|a Slovakia
|x history
|y 20th-21st centuries
|2 eczenas
|
| 655 |
|
7 |
|a eseje
|7 fd132213
|2 czenas
|
| 655 |
|
9 |
|a essays
|2 eczenas
|
| 910 |
|
|
|a BOA001
|b 1-1533.032
|
| 990 |
|
|
|a BK
|
| 991 |
|
|
|b 202501
|c NOV
|
| 996 |
7 |
|
|b 2610982215
|c 1-1533.032
|l MZK
|r Sklad / do 1 hodiny
|n 0
|p kupz
|w 001979738
|u 000010
|a 1
|e BOA001
|j MZK50
|s A
|